000
00312pab a2200121 454500
008
180718b xxu||||| |||| 00| 0 eng d
100
_a
Johnston, R.C.
245
_a
The role of police authorities in the 1990s
650
_a
Police Authorities
650
_a
Police Power
773
_a
Police Journal
909
_a
22319
999
_c
22319
_d
22319